000 00557nam a2200157 i 4500
001 165209
003 ES-MaACL
005 20250618063031.0
008 050818s1872 sp a | |||||||| ||spa d
100 1 _aSepúlveda, Ricardo,
_d1846-1909
_9132653
245 1 3 _aLa mujer de usted
_b: novela original /
_cde Ricardo Sepúlveda.
260 _aMadrid :
_b[s.n.],
_c1872 (
_fImp. de Diego Valera)
300 _a186 p., [1] h. de lám. ;
_c19 cm.
852 _aES-MaACL
_jT-280-F-2
_z- Enc. hol.
_z- Enc. en un vol. facticio
999 _c165209
_d165209